Solid state electronic devices /

Đã lưu trong:
書目詳細資料
主要作者: Streetman, Ben G.
格式: 圖書
語言:English
出版: Upper Saddle River NJ : Prentice Hall, 2000.
版:5th edition.
主題:
標簽: 添加標簽
沒有標簽, 成為第一個標記此記錄!
Thư viện lưu trữ: Mạng thư viện Đại học Đà Nẵng
LEADER 00818cam a2200325 i 4500
001 000047114
003 6650
005 20030401133451.0
008 010322|2000 vm 000 eng
020 |a 0130261017 
040 |a IRC  |c IRC  |d IRC 
041 0 |a eng 
082 1 4 |a 621.38152  |b ST-B 
100 1 |a Streetman, Ben G. 
245 0 0 |a Solid state electronic devices /  |c Ben G. Streetman. 
250 |a 5th edition. 
260 |a Upper Saddle River NJ :  |b Prentice Hall,  |c 2000. 
300 |a xv, 558p. :  |b ill. 
630 0 4 |a Semiconductors. 
650 0 4 |a Semiconductors. 
OWN |a DUT 
999 |a From the UDN01 
TYP |a Monograph 
TYP |a Printed language 
980 |a Mạng thư viện Đại học Đà Nẵng